000 005410000a22001810004500
003 MACL
005 20160412125329.0
008 160412b xxu||||| |||| 00| 0 eng d
040 _aMACL
_cMACL
041 _aHindi
082 _a610
100 _aतिवारी कुपा शंकर
_951303
245 _aएड़़स और समाज
260 _bप्रवीण प्रकाशन
_c2008
_aनई दिल्‍ली
350 _a200
650 _aSocial Problems & Services
_951923
942 _cHIN
_k610
_2ddc
999 _c22195
_d22195